000 00490nam a2200157Ia 4500
008 090124s9999 xx 000 0 und d
082 _b34062
245 _a गीत नवे गातो मी
250 _a1
260 _bविवेक मुद्रणालय मुंबई
_c1997
300 _a816
630 _a गीत नवे गातो मी
700 _aलेले अरविंद
730 _a गीत नवे गातो मी
942 _cBOOK
999 _c99972
_d99972